Lista de las entidades dependientes de la Diputación y personal de las mismas : año 1927 año 1927
Descripción Física:
66 p. ; 22'5 cm
MARC
| LEADER | 00000nam a2200000Ia 4500 | ||
|---|---|---|---|
| 001 | 9998 | ||
| 008 | 160829s1927 xx 000 0 cat d | ||
| 080 | |a M-3-365 | ||
| 110 | 1 | |a Barcelona (Catalunya : Província). |b Diputació |9 52408 | |
| 245 | |a Lista de las entidades dependientes de la Diputación y personal de las mismas : |b año 1927 | ||
| 260 | |a Barcelona : |b Diputació, |c 1927 | ||
| 300 | |a 66 p. ; |c 22'5 cm | ||
| 610 | 1 | 0 | |a Barcelona (Catalunya : Província). |b Diputació |9 52408 |
| 650 | 0 | |a Associacions, institucions, etc. |z Barcelona (Província) |v Directoris |9 21150 | |
| 901 | |a Arxiu | ||
| 942 | |n 1 | ||
| 952 | |0 0 |1 0 |4 0 |6 M3365 |7 1 |9 45443 |a Arxiu |b Arxiu |d 2016-12-01 |l 0 |o M-3-365 |p 9998 |r 2016-12-01 00:00:00 |w 2016-12-01 |y ARXIU | ||
| 999 | |c 48608 |d 48608 | ||